000 00684cam a2200205 4500500
005 20260405003950.0
041 _afre
042 _adc
100 1 0 _aDurand, Guillaume
_eauthor
700 1 0 _aNicolas, Ariane
_eauthor
245 0 0 _aGuillaume Durand : “L’idée qu’une aide active à mourir soit possible apaise infiniment les patients”
260 _c2025.
500 _a94
690 _aEuthanasie
690 _aFin de vie
690 _aHôpital
690 _aMort
786 0 _nPhilosophie magazine | 194 | 11 | 2025-11-01 | p. 88-92 | 1951-1787
856 4 1 _uhttps://shs.cairn.info/magazine-philosophie-magazine-2025-11-page-88?lang=fr&redirect-ssocas=7080
999 _c2072523
_d2072523